Normal view
MARC view
- Er. Alexander Seth (Guide)
Entry Personal Name
001 - CONTROL NUMBER
- control field: 2295
003 - CONTROL NUMBER IDENTIFIER
- control field: OSt
005 - DATE AND TIME OF LATEST TRANSACTION
- control field: 20171219113204.0
008 - FIXED-LENGTH DATA ELEMENTS
- fixed length control field: 171219|| aca||aabn | a|a d
040 ## - CATALOGING SOURCE
- Original cataloging agency: OSt
- Transcribing agency: OSt
100 ## - HEADING--PERSONAL NAME
- Personal name: Er. Alexander Seth (Guide)
670 ## - SOURCE DATA FOUND
- Source citation: Work cat.: (OSt): ANEESH K. V JISNA C. M RADHIKA DEVI V. U RAGESH K. T 2294, A study on soil nailing for variouos C-0/ soils in Tavanur area
